Alguns aspectes a tractar en el curs sobre aprofitament del vídeo domèstic en la realització de programes / Antonio R. Bartolomé
Descripción Física:
80 f. : il. ; 30 cm
MARC
| LEADER | 00000nam a2200000Ia 4500 | ||
|---|---|---|---|
| 001 | 2009 | ||
| 008 | 160829s9999 xx 000 0 cat d | ||
| 080 | |a C-1-563 | ||
| 100 | |a Bartolomé, Antonio R. |9 30002 | ||
| 245 | |a Alguns aspectes a tractar en el curs sobre aprofitament del vídeo domèstic en la realització de programes / Antonio R. Bartolomé | ||
| 260 | |a Barcelona : |b Diputació de Barcelona. Servei d' Ensenyament i Investigació, [198 - ?] | ||
| 300 | |a 80 f. : |b il. ; |c 30 cm | ||
| 650 | |a Vídeo |9 36564 | ||
| 650 | |a Ensenyament audiovisual |9 34047 | ||
| 710 | 1 | |a Barcelona (Catalunya : Província). |b Servei d'Ensenyament i Investigació |9 54366 | |
| 901 | |a Arxiu | ||
| 942 | |n 1 | ||
| 952 | |0 0 |1 0 |4 0 |6 C1563 |7 1 |9 47884 |a Arxiu |b Arxiu |d 2016-12-01 |l 0 |o C-1-563 |p 2009 |r 2016-12-01 00:00:00 |w 2016-12-01 |y ARXIU | ||
| 999 | |c 51684 |d 51684 | ||